Philippine business and government : (Record no. 7452)
[ view plain ]
| 000 -LEADER | |
|---|---|
| fixed length control field | 00606nam a22001577a 4500 |
| 003 - CONTROL NUMBER IDENTIFIER | |
| control field | OSt |
| 005 - DATE AND TIME OF LATEST TRANSACTION | |
| control field | 20260115075933.0 |
| 008 - FIXED-LENGTH DATA ELEMENTS--GENERAL INFORMATION | |
| fixed length control field | 260115b |||||||| |||| 00| 0 eng |
| 040 ## - CATALOGING SOURCE | |
| Original cataloging agency | DWC-Main lib |
| Transcribing agency | OC |
| 082 ## - DEWEY DECIMAL CLASSIFICATION NUMBER | |
| Edition number | 2005 ed. |
| Classification number | SC. 338.9 P552 2005 |
| 245 ## - TITLE STATEMENT | |
| Title | Philippine business and government : |
| Remainder of title | the philippine yearbook reference |
| 250 ## - EDITION STATEMENT | |
| Edition statement | 2005 edition |
| 260 ## - PUBLICATION, DISTRIBUTION, ETC. | |
| Place of publication, distribution, etc. | Manila, Philippines : |
| Name of publisher, distributor, etc. | The Fookien Times Yearbook Publishing Co., Inc., |
| Date of publication, distribution, etc. | c2005 |
| 300 ## - PHYSICAL DESCRIPTION | |
| Extent | 121 p. ; |
| Other physical details | colored illustration ; |
| Dimensions | 27 cm. |
| 942 ## - ADDED ENTRY ELEMENTS (KOHA) | |
| Source of classification or shelving scheme | Dewey Decimal Classification |
| Koha item type | Special Collection |
| Edition | 2005 edition |
| Classification part | SC. 338.9 P552 2005 |
| Call number prefix | SC. |
| Suppress in OPAC | No |
| 952 ## - LOCATION AND ITEM INFORMATION (KOHA) | |
| -- | |
| Withdrawn status | Lost status | Source of classification or shelving scheme | Damaged status | Not for loan | Home library | Current library | Shelving location | Date acquired | Source of acquisition | Total Checkouts | Full call number | Barcode | Date last seen | Copy number | Price effective from | Koha item type | Uniform Resource Identifier |
|---|---|---|---|---|---|---|---|---|---|---|---|---|---|---|---|---|---|
| Dewey Decimal Classification | College Library | College Library | Special Collection | 08/01/2005 | School Fund | SC. 338.9 P552 2005 | CL42158 | 01/15/2026 | c1 | 01/15/2026 | SC |